00369nam a22001097a 4500003000400000082001600004100001800020245015700038260004100195300000800236650001500244SGT a617.3bC21S aSHARMA, NANCY aTo Compare The Effect Of Kinesio Taping and Positional Release Technique On Pectoral And Trapezius Muscle In it Professionals With Upper Cross Syndrome  aSGT UNIVERSITYbSGT UNIVERSITYc2021 a114 aMPT THESIS